00455nam a2200085Ia 4500008004100000245002100041300024500062650001600307856004600323170517s9999 xx 000 0 und d 4aThe War on Wheat aThe War On Wheat profiles Dr. William Davis, author of the influential best-selling book Wheat Belly, a work that is largely considered the bible of those on a wheat-free diet. A charismatic man who believes genetically modified wheat is... xTechnology. uhttp://topdocumentaryfilms.com/war-wheat/